Letter from the Secretary of the Treasury, transmitting statements showing the condition of the incorporated banks in the District of Columbia at the close of the year 1837.

Bibliographic Details
Corporate Authors: United States. Department of the Treasury, ProQuest (Firm)
Format: eBook
Language:English
Published: Washington : [publisher not identified], 1838.
Series:United States congressional serial set.
Subjects:
Online Access:Connect to the full text of this electronic book

MARC

Tag First Indicator Second Indicator Subfields
LEADER 00000cam a22000001a 4500
001 in00002887331
005 20190331185502.0
006 m o d
007 cr un mmmapmmp
008 081224s1838 dcud o f000 0 eng d
035 |a cis2004308082 
040 |a UMI  |c UMI  |d UtOrBLW 
043 |a n-us--- 
099 |a ProQuest Serial Set Number 323 H.doc.71 
110 1 |a United States.  |b Department of the Treasury. 
245 1 0 |a Letter from the Secretary of the Treasury, transmitting statements showing the condition of the incorporated banks in the District of Columbia at the close of the year 1837. 
246 1 |a Banks in District of Columbia, condition of, 1837 
264 1 |a Washington :  |b [publisher not identified],  |c 1838. 
300 |a 1 online resource. 
336 |a text  |b txt  |2 rdacontent 
337 |a computer  |b c  |2 rdamedia 
338 |a online resource  |b cr  |2 rdacarrier 
490 0 |a H.doc.71 
500 |a Record is based on bibliographic data in ProQuest U.S. Serial Set Digital Collection (last viewed Dec. 2008). Reuse except for individual research requires license from ProQuest, LLC. 
510 3 |a ProQuest U.S. Serial Set Digital Collection 
500 |a Electronic resource. 
610 1 0 |a District of Columbia. 
650 0 |a Banks and banking. 
655 7 |a Electronic books.  |2 local 
710 2 |a ProQuest (Firm) 
830 0 |a United States congressional serial set. 
856 4 0 |u http://proxy.library.tamu.edu/login?url=http://congressional.proquest.com/congcomp/getdoc?SERIAL-SET-ID=323+H.doc.71  |z Connect to the full text of this electronic book  |t 0 
999 |a MARS 
999 f f |s cd95a47b-0441-3965-a595-6633f2d12176  |i 841a7b6a-29ed-3572-b1f9-4e2f75453fae  |t 0 
952 f f |a Texas A&M University  |b College Station  |c Electronic Resources  |d Available Online  |t 0  |e ProQuest Serial Set Number 323 H.doc.71  |h Other scheme 
998 f f |a ProQuest Serial Set Number 323 H.doc.71  |t 0  |l Available Online